000 00644nam a22002417a 4500
003 UA-OsUOA
001 136494
007 ta
008 20190327b un ||||| |||| 00| 0 ukr d
100 _aПилип'юк О.
090 _a821.161.2
_bП32
942 _cBK
040 _aUA-OsUOA
_bukr
_cUA-OsUOA
_dUA-OsUOA
245 _aНе така
_bпоетична збірка
300 _a100 с.
955 _a3
041 _aukr
080 _a821.161.2
020 _a978-617-642-345-4
260 _aДрогобич
_bКоло
_c2017
650 7 _a82 Література. Літературознавство
_2UDC
999 _c409457
_d409457